| 000 | 03251nam a2200313 a 4500 | ||
|---|---|---|---|
| 001 | 000077501 | ||
| 003 | AM-YEHGA | ||
| 005 | 20250617121810.0 | ||
| 008 | 980929s1984 ru |||||||||||rus d | ||
| 040 | _aAM-YeHGA | ||
| 041 | 0 | _arus | |
| 245 | 0 | 0 |
_aГеологическое строение СССР и закономерности размещения полезных ископаемых : _bВ 10-ти томах / _cАН СССР ; Гл. ред. Е.А. Козловский и др. |
| 260 |
_aЛенинград : _bНедра. Ленингр. отд-ние, _c1984-. |
||
| 300 | _aтом | ||
| 505 | 1 | 0 |
_gТ. 1 (1985; 356 с. : ил.) : _tРусская платформа / _r[В.Д. Наливкин, К.Э. Якобсон, В.А. Дедеев и др.] ; Под ред. В.Д. Наливкина, К.Э. Якобсона ; _gТ. 6 (1989; 235 с. : ил.) : _tКазахстан и Средняя Азия. Казахстанская складчатая область / _r[Н.П. Михайлов, Ю.П. Селиверстов, М.Г. Хисамутдинов и др.] ; _gТ. 8 (1984; 560 с. : ил.) : _tВосток СССР / _r[Л.И. Красный, Г.Ф. Уфимцев, И.В. Беляев и др.] _gТ. 9 (1984; 280 с. : ил.) _tМоря Советской Арктики / _r[М.Л. Верба, Ю.Н. Кулаков, В.А. Виноградов и др.] |
| 650 | 1 | 4 |
_aГеология _zСССР |
| 700 | 1 |
_aКозловский, Евгений Александрович _eред. _4edt |
|
| 710 | 2 | _aАкадемия наук СССР | |
| 774 | 0 | 8 |
_gТ. 1 _tРусская платформа _dЛенинград : Недра. Ленингр. отд-ние, 1985. _h356 с. ; 27 см ;+ приложения _w(AM, AiYeEPHG)000168019 |
| 774 | 0 | 8 |
_gТ. 4 _tСибирская платформа _dЛенинград : Недра. Ленингр. отд-ние, 1987. _h448 с. ; 27 см _w(AM, AiYeEPHG)000173892 |
| 774 | 0 | 8 |
_gТ. 6, Кн. 1 _tКазахстан и Средняя Азия _dЛенинград : Недра. Ленингр. отд-ние, 1989. _h236 с. _w(AM, AiYeEPHG)000100750 |
| 774 | 0 | 8 |
_gТ. 7, Кн. 1 _tАлтае-Саянский и Забайкало-Верхнеамурский регион _dЛенинград : Недра. Ленингр. отд-ние, 1988. _h239 с. ; 27 см. _w(AM, AiYeEPHG)000057506 |
| 774 | 0 | 8 |
_gТ. 7, Кн. 2 _tАлтае-Саянский и Забайкало-Верхнеамурский регион _dЛенинград : Недра. Ленингр. отд-ние, 1986. _h300 с. ; 27 см. _w(AM, AiYeEPHG)000089239 |
| 774 | 0 | 8 |
_gТ. 8 _tВосток СССР _dЛенинград : Недра. Ленингр. отд-ние, 1984. _h560 с. _w(AM, AiYeEPHG)000073558 |
| 774 | 0 | 8 |
_gТ. 9 _tМоря советской Арктики _dЛенинград : Недра. Ленингр. отд-ние, 1984. _h280 с. _w(AM, AiYeEPHG)000126967 |
| 774 | 0 | 8 |
_gТ. 10, Кн. 2 _tГеологическое строение и минерагения СССР : закономерности размещения полезных ископаемых СССР _dЛенинград : Недра. Ленингр. отд-ние, 1989. _h620 с. |
| 942 |
_2udc _cBK |
||
| 090 | _c23899 | ||
| 999 |
_c23616 _d23616 |
||